MARC

LEADER 00000nam0a2200000 4500
001 360577
005 20231102011312.0
035 |a (RuTPU)RU\TPU\retro\17903 
090 |a 360577 
100 |a 20210415d1973 m y0rusy50 ca 
101 0 |a rus 
102 |a UA 
105 |a a j 001zy 
200 1 |a Сопротивление материалов  |e учебник для вузов  |f Г. С. Писаренко, В. А. Агарев, А. Л. Квитка и др.  |g под ред. Г. С. Писаренко 
205 |a 3-е изд., испр. и доп. 
210 |a Киев  |c Вища школа  |d 1973 
215 |a 672 с.  |c ил. 
320 |a Библиогр.: с. 667 
606 1 |a Сопротивление материалов  |2 stltpush  |3 (RuTPU)RU\TPU\subj\55554  |9 73567 
610 1 |a учебники 
610 1 |a плоские сечения 
610 1 |a геометрические характеристики 
610 1 |a метод сечений 
610 1 |a эпюры 
610 1 |a прочность 
610 1 |a расчеты 
610 1 |a критерии 
610 1 |a кручение 
610 1 |a изгиб 
610 1 |a упругие системы 
610 1 |a плоские кривые брусья 
610 1 |a толстостенные цилиндры 
610 1 |a толстостенные оболочки 
610 1 |a предельные состояния 
610 1 |a упругие колебания 
610 1 |a контактные напряжения 
675 |a 539.3/.6(075.8)  |v 4 
701 1 |a Писаренко  |b Г. С.  |c украинский физик, механик, академик АН УССР  |f 1910-2001  |g Георгий Степанович  |2 stltpush  |3 (RuTPU)RU\TPU\pers\29150  |9 13776 
701 1 |a Агарев  |b В. А.  |g Виктор Андреевич 
701 1 |a Квитка  |b А. Л.  |g Александр Львович 
701 1 |a Попков  |b В. Г.  |g Виктор Григорьевич 
701 1 |a Уманский  |b Э. С.  |g Эммануил Соломонович 
702 1 |a Писаренко  |b Г. С.  |c украинский физик, механик, академик АН УССР  |f 1910-2001  |g Георгий Степанович  |2 stltpush  |3 (RuTPU)RU\TPU\pers\29150  |4 340  |9 13776 
801 1 |a RU  |b 63413507  |c 20210415 
801 2 |a RU  |b 63413507  |c 20210909  |g RCR 
942 |c BK